000 00526nam a22001697a 4500
999 _c8331
_d8331
008 201113b ||||| |||| 00| 0 eng d
040 _aBMS College of Architecture
100 _aRajpurohit, P Hitesh Kumar
245 _aReflective learning
300 _aNA
500 _a1BM15AT033
502 _8B,Arch
_NBMS College of Architecture, Visvesvaraya Technological University (VTU)
_aProject report
_d2019
650 _aReflective
700 _aBhagyalaxmi M
_eGuide
700 _aNisha Mary Poulose
_eGuide
942 _2ddc
_cTHE